000 01706nam a2200349Ia 4500
001 ebr10255798
003 CaPaEBR
006 m u
007 cr cn|||||||||
008 020412s2001 si ab sb 100 0 eng d
020 _z9789810247614
020 _z9810247613
040 _aCaPaEBR
_cCaPaEBR
035 _a(OCoLC)261121170
050 1 4 _aQC874.3
_b.E25 2000eb
111 2 _aECMWF Workshop on the Use of High Performance Computing in Meteorology
_n(9th :
_d2000 :
_cReading, England)
245 1 0 _aDevelopments in teracomputing
_h[electronic resource] :
_bproceedings of the ninth ECMWF Workshop on the Use of High Performance Computing in Meteorology /
_ceditors, Walter Zwieflhofer, Norbert Kreitz.
246 3 0 _aProceedings of the ninth ECMWF Workshop on the Use of High Performance Computing in Meteorology
246 3 0 _aNinth ECMWF Workshhop on the Use of High Performance Computing in Meteorology
260 _aSingapore ;
_aRiver Edge, N.J. :
_bWorld Scientific,
_cc2001.
300 _ax, 371 p. :
_bill.(some col.), maps.
504 _aIncludes bibliographical references.
533 _aElectronic reproduction.
_bPalo Alto, Calif. :
_cebrary,
_d2009.
_nAvailable via World Wide Web.
_nAccess may be limited to ebrary affiliated libraries.
650 0 _aMeteorology
_xData processing
_vCongresses.
650 0 _aEarth sciences
_vCongresses.
655 7 _aElectronic books.
_2local
700 1 _aZwieflhofer, Walter.
700 1 _aKreitz, Norbert.
710 2 _aEuropean Centre for Medium Range Weather Forecasts.
710 2 _aebrary, Inc.
856 4 0 _uhttp://site.ebrary.com/lib/rucke/Doc?id=10255798
_zAn electronic book accessible through the World Wide Web; click to view
999 _c34755
_d34755